00290nam a2200085Ia 4500008004100000041000800041100002200049245008900071260004400160231107s1997 xx 000 0 und d aeng aMurakami Sueyashi aWorld Shop & Fashion Boutiques : 52 Outstanding fashion boutiques & specialty stores aJapanbShotenkenchiku sha Companyc1997